3 plus grandes villes des pays voisins de la France - Statistiques

Statistiques générales
  • Ce quiz a été pris 380 fois
  • Le résultat moyen est 17 sur 28
Statistiques - réponses
Population Ville % Correct
3.677.472 Berlin
97%
2.761.632 Rome
95%
1.371.498 Milan
92%
3.305.408 Madrid
89%
37.308 Monaco
89%
1.487.708 Munich
89%
1.636.732 Barcelone
88%
914.758 Naples
87%
128.494 Luxembourg
86%
6.775.560 Rio de Janeiro
83%
19.659 Andorre-la-Vieille
82%
203.401 Genève
80%
2.988.440 Brasilia
79%
423.193 Zurich
78%
12.284.940 São Paulo
75%
1.853.935 Hambourg
74%
789.744 Valence
73%
530.630 Anvers
68%
173.064 Bâle
56%
265.086 Gand
47%
202.421 Charleroi
45%
240.924 Paramaribo
30%
36.177 Esch-sur-Alzette
27%
28.641 Differdange
9%
14.724 Escaldes-Engordany
8%
7.693 Sant Julià de Lòria
7%
26.161 De Nieuwe Grond
1%
27.713 Koewarasan
1%
Aucun quiz correspondant
Distribution des résultats
% des personnes avec chaque résultat
Percentile par nombre de réponses
Votre historique - résultats
Vous n’avez pas pris ce quiz